00382nam a2200133Ia 4500020001800000082001500018245006200033260002800095300001300123500002500136650003500161650003100196700002100227 a0-89232-736-7 a300.1 ADV; 0aAdvances in social science methodology: a research annual aLondonbJai Pressc1989 ax, 232p. aContents :Vol.1-1989 aSocial sciences - Methodology  aSocial sciences - Research aThompson, Bruce